00818cam a22002414a 4500999001700000001000900017005001700026008004100043010001700084020002800101040001800129042000800147050002200155100002600177245006200203250001200265260005100277300003400328500002000362650003900382942003300421952012200454 c26386d263861262385120170204101138.0011218s2002 ohua b 001 0 eng  a 2001058990 a1581801696 (alk. paper) aDLCcDLCdDLC apcc00aNC892b.K858 20021 aKullberg, Ann,d1956-10aCapturing soft realism in colored pencil /cAnn Kullberg. a1st ed. aCincinnati, Ohio :bNorth Light Books,cc2002. a128 p. :bcol. ill. ;c28 cm. aIncludes index. 0aColored pencil drawingxTechnique. 2lcccBOOKShNC892 .K858 2002 00102lcc4070aMUCbMUCcTECHd2017-02-04eDonation(BFA)l0oNC892 .K858 2002p34118r2018-05-31w2017-02-04yBOOKS